Water activity in foods : (Record no. 22444)
[ view plain ]
| 000 -LEADER | |
|---|---|
| fixed length control field | 00801nam a2200277#a 4500 |
| 001 - CONTROL NUMBER | |
| control field | 00836 |
| 003 - CONTROL NUMBER IDENTIFIER | |
| control field | HDC |
| 007 - PHYSICAL DESCRIPTION FIXED FIELD--GENERAL INFORMATION | |
| fixed length control field | ta |
| 008 - FIXED-LENGTH DATA ELEMENTS--GENERAL INFORMATION | |
| fixed length control field | 230623s2007 xx 000 0 eng d |
| 020 ## - INTERNATIONAL STANDARD BOOK NUMBER | |
| International Standard Book Number | 0813824087 (hbk.). |
| 040 ## - CATALOGING SOURCE | |
| Original cataloging agency | HDC |
| 050 ## - LIBRARY OF CONGRESS CALL NUMBER | |
| Classification number | TX 553 |
| Item number | .W3 W358 2007 |
| 245 #0 - TITLE STATEMENT | |
| Title | Water activity in foods : |
| Remainder of title | fundamentals and applications / |
| Statement of responsibility, etc. | Gustavo V. Barbosa-Ca?novas ... [et al.], editors. |
| 250 ## - EDITION STATEMENT | |
| Edition statement | 1st ed. |
| 264 ## - PRODUCTION, PUBLICATION, DISTRIBUTION, MANUFACTURE, AND COPYRIGHT NOTICE | |
| Place of production, publication, distribution, manufacture | Ames, Iowa : |
| Name of producer, publisher, distributor, manufacturer | Blackwell Pub., |
| Date of production, publication, distribution, manufacture, or copyright notice | 2007. |
| 300 ## - PHYSICAL DESCRIPTION | |
| Extent | xviii,435p. : |
| Other physical details | ill. ; |
| Dimensions | 26cm. |
| 490 ## - SERIES STATEMENT | |
| Series statement | IFT Press |
| 500 ## - GENERAL NOTE | |
| General note | Includes bibliographical references and index. |
| 650 ## - SUBJECT ADDED ENTRY--TOPICAL TERM | |
| Topical term or geographic name entry element | Barbosa-Ca?novas, Gustavo V. |
| 650 ## - SUBJECT ADDED ENTRY--TOPICAL TERM | |
| Topical term or geographic name entry element | Food |
| General subdivision | Moisture. |
| 650 ## - SUBJECT ADDED ENTRY--TOPICAL TERM | |
| Topical term or geographic name entry element | Food |
| General subdivision | Water activity. |
| 942 ## - ADDED ENTRY ELEMENTS (KOHA) | |
| Source of classification or shelving scheme | Library of Congress Classification |
| 942 ## - ADDED ENTRY ELEMENTS (KOHA) | |
| Koha item type | Book |
| 942 ## - ADDED ENTRY ELEMENTS (KOHA) | |
| Call number prefix | TX 553 |
| 942 ## - ADDED ENTRY ELEMENTS (KOHA) | |
| Call number suffix | .W3 W358 2007 |
| Withdrawn status | Lost status | Source of classification or shelving scheme | Damaged status | Not for loan | Collection | Home library | Current library | Shelving location | Date acquired | Total checkouts | Full call number | Barcode | Date last seen | Price effective from | Koha item type |
|---|---|---|---|---|---|---|---|---|---|---|---|---|---|---|---|
| Library of Congress Classification | Non-fiction | Halal Development Corporation Library | Halal Development Corporation Library | Open Shelves | 17/11/2020 | TX 553 .W3 W358 2007 | HDC 0000402 | 24/05/2023 | 24/05/2023 | Book |
